Manual de análisis orgánico cualitativo y cuantitativo / (Record no. 44961)

MARC details
000 -LEADER
campo de control de longitud fija 00630nam a2200169 i 4500
001 - NÚMERO DE CONTROL
campo de control 44961
003 - IDENTIFICADOR DE NÚMERO DE CONTROL
campo de control ES-MaACL
007 - CAMPO FIJO DE DESCRIPCIÓN FÍSICA--INFORMACIÓN GENERAL
campo de control de longitud fija t|
008 - DATOS DE LONGITUD FIJA--INFORMACIÓN GENERAL
campo de control de longitud fija 030324s1945 sp ||||1| spa d
100 1# - ENTRADA PRINCIPAL--NOMBRE DE PERSONA
Nombre de persona Clarke, Tacher H.
9 (RLIN) 39068
245 10 - MENCIÓN DEL TÍTULO
Título Manual de análisis orgánico cualitativo y cuantitativo /
Mención de responsabilidad, etc. por Tacher H. Clarke ; con una introducción de J. Norman Collie ; traducción de Jaime Castejón Chacón.
260 ## - PUBLICACIÓN, DISTRIBUCIÓN, ETC.
Lugar de publicación, distribución, etc. Barcelona :
Nombre del editor, distribuidor, etc. Manuel Marín,
Fecha de publicación, distribución, etc. 1945 (
Fabricante Horta)
300 ## - DESCRIPCIÓN FÍSICA
Extensión XII, 312 p. :
Otras características físicas il. ;
Dimensiones 21 cm.
700 1# - ENTRADA AGREGADA--NOMBRE PERSONAL
Nombre de persona Collie, J. Norman.
9 (RLIN) 39706
700 1# - ENTRADA AGREGADA--NOMBRE PERSONAL
Nombre de persona Castejón Chacón, Jaime.
9 (RLIN) 36465
852 ## - LOCALIZACIÓN
Ubicación ES-MaACL
Número de control de estantería E-1775
Sublocalización o colección R.22526
Holdings
Estatus retirado Estado de pérdida Estado de daño No para préstamo Biblioteca de origen Biblioteca actual Ubicación en estantería Fecha de adquisición Fuente de adquisición Total de préstamos Signatura topográfica completa Código de barras Visto por última vez Precio de reemplazo Tipo de ítem Koha
        Biblioteca del Ateneo de Madrid Biblioteca del Ateneo de Madrid Depósito 2 17/01/2008     E-1775 1047318 23/02/2023 23/02/2023 Libro impreso